[Event "Biel SKA"]
[Site "Biel"]
[Date "1996.08.01"]
[Round "9"]
[White "Onischuk, Alexander"]
[Black "Lautier, Joel"]
[Result "0-1"]
[WhiteElo "2605"]
[BlackElo "2620"]
[Annotator "Lautier,J"]
[PlyCount "94"]
[EventDate "1996.07.22"]
[EventType "tourn"]
[EventRounds "11"]
[EventCountry "SUI"]
[EventCategory "16"]
[SourceTitle "CBM 055"]
[Source "ChessBase"]
[SourceDate "1996.12.01"]
[SourceVersion "1"]
[SourceVersionDate "1996.12.01"]
[SourceQuality "1"]

1. d4 {Stohl} Nf6 2. Nf3 e6 3. e3 b6 4. Bd3 Bb7 5. O-O Be7 6. b3 O-O 7. Bb2 c5
$1 (7... d5 8. Ne5 $5 (8. c4 {Stohl -E14}) 8... Nbd7 9. f4 {[%cal Yf1f3,Yf3h3]
/\Rf3-h3|^>>} c5 10. Nd2) (7... Ne4 $5 {Stohl} 8. Nbd2 f5 9. c4 d5 10. Ne5 Nd7
11. Ndf3 Bf6 12. Rc1 Bxe5 13. Nxe5 Nxe5 14. dxe5 Nc5 15. Be2 dxc4 16. Rxc4 Qg5
17. g3 Rfd8 18. Rd4 Ne4 19. Qc1 Qe7 20. Rfd1 Ng5 21. Qd2 Rxd4 22. Qxd4 Ba6 $1
23. Kf1 Bxe2+ 24. Kxe2 Qe8 $40 {Rack,M-Holfelder,J/Wiesbaden op/1993/}) 8. Nbd2
(8. c4 cxd4 $1 9. exd4 d5 {-E14} 10. Nc3 (10. Nbd2 Nc6) 10... Nc6 $10) 8... Nc6
(8... d5 9. Ne5 $5 (9. Qe2 {Stohl} Nbd7 10. Rfd1 Rc8 11. Rac1 Ne4 12. c4 Nxd2
13. Rxd2 cxd4 14. Nxd4 Bf6 15. Rcd1 Nc5 16. Bb1 Qe7 17. cxd5 Bxd5 18. e4 Bb7
19. f4 Bxd4+ 20. Bxd4 Rfd8 21. Qe3 f6 22. Bc2 Nd7 23. Bb2 Nf8 24. Bd3 Rd7 25.
Bc4 $14 {[%csl Gb2,Gc4] ^^,Lobron,E-Ostermeyer,P/Biel/1984/}) (9. Ne5 Ne4 $5 (
9... Nc6 10. f4 Rc8 11. a3 a6 (11... b5 12. Bxb5 Qb6 13. Nxc6 Bxc6 14. Bxc6
Rxc6 15. c4 Rb8 16. Rf3 Ne4 17. Nxe4 dxe4 18. Rg3 g6 19. d5 exd5 20. cxd5 Rcc8
21. Be5 Bf6 22. Bxb8 Bxa1 23. Bxa7 Qxa7 24. Qxa1 $16 {Herndl,H-Kranzl,P/OST-BL
8990/1989/}) 12. Qf3 b5 13. dxc5 Bxc5 14. Nxc6 Bxc6 15. Bd4 Bxd4 16. exd4 Ne4
17. Rad1 f5 18. b4 Qf6 19. Nb3 Be8 20. Qe3 Bh5 21. Ra1 Rf7 22. a4 bxa4 23. Rxa4
h6 24. Rxa6 Rfc7 25. Bxe4 fxe4 26. Nc5 $16 {Kratschmer,H-Frosch,E/Graz opA/
1995/}) 10. c4 f6 11. Nef3 f5 12. Rc1 Nd7 13. Qe2 Rc8 14. cxd5 Bxd5 15. Ba6 Rc7
16. Rfd1 Qa8 $132 {1/2/Vesely,J-Rohan,M/CZE-chT2B 9495/1995/})) (8... Re8 {
Stohl} 9. a3 cxd4 10. exd4 d6 11. c4 Nbd7 12. Ng5 h6 13. f4 $5 e5 14. d5 exf4
15. Nge4 Ne5 16. Bb1 b5 17. Rxf4 bxc4 18. Nxf6+ Bxf6 19. Nxc4 Bg5 20. Rf1 Nxc4
21. bxc4 Qb6+ 22. Bd4 Qxd4+ 23. Qxd4 Be3+ 24. Qxe3 Rxe3 25. Bf5 $10 {Razuvaev,
Y-Lerner,K/URS-ch52 Riga/1985/}) (8... d6 {Stohl} 9. Re1 (9. Qe2 a6 (9... Nbd7
10. Rad1 Qc7 11. Ng5 h6 12. Nh3 Rfe8 13. c4 d5 14. f4 Rad8 15. Nf3 dxc4 16.
bxc4 Ne4 17. Ne5 f5 18. d5 Ndf6 19. Bxe4 fxe4 20. dxe6 Rxd1 21. Rxd1 Bd6 22.
Ng4 Rxe6 23. Bxf6 gxf6 24. Nxh6+ Kh7 25. Qh5 Bc8 26. f5 {1-0,Danner,G-Fauland,
A/Vienna op/1996/}) 10. c4 Nbd7 11. Rad1 Qc7 12. e4 cxd4 13. Nxd4 Rfe8 14. Rfe1
Bf8 15. Bb1 g6 16. N4f3 e5 17. Rc1 Bh6 18. h4 a5 19. Rcd1 Nc5 20. Ng5 Nh5 21.
g3 Qe7 22. Nf1 Rad8 23. Bc1 Qf8 24. Bb2 Qe7 25. Nf3 Nf6 26. N3d2 Bc6 27. a3 Qb7
$132 {Zarubin,P-Goldin,A/RUS-chT Kazan/1995/}) 9... Nbd7 10. c4 cxd4 11. exd4
Re8 12. b4 Rc8 13. Qb3 Rc7 14. a4 a5 15. bxa5 bxa5 16. Nb1 e5 17. Nc3 Bxf3 18.
gxf3 exd4 19. Nb5 Ne5 20. Bf1 d3 21. Bxe5 dxe5 22. Nxc7 Qxc7 23. Qxd3 Bc5 24.
Qf5 Bd4 25. Rab1 Qc6 26. Rb5 $14 {Ftacnik-Godena/Lugano/1988/}) 9. dxc5 $146 (
9. c4 cxd4 (9... Rc8 10. Rc1 Qc7 11. Qe2 Qb8 12. e4 cxd4 13. Nxd4 d6 14. N2f3
Ne5 15. Bb1 Ng6 16. Rfd1 Rfe8 17. Ba3 Rcd8 18. Re1 Bf8 19. Bb2 a6 20. Qe3 Ng4
21. Qg5 N4e5 22. Qg3 Nxf3+ 23. Qxf3 Qa8 24. Qg3 $14 {(),Buchweitz,J-Mueller,W/
2BLS 9091/1991/}) (9... d5 {-E14}) 10. exd4 d5 $13) (9. a3 cxd4 (9... Re8 10.
Qe2 (10. Re1 Bf8 11. dxc5 bxc5 12. e4 e5 13. Bc4 d6 14. Ng5 Re7 15. Ngf3 Na5
16. Bd3 Nc6 17. Bc4 Na5 18. Bd3 Nc6 19. Bc4 $13 {1/2/Malaniuk,V-Dorfman,J/
URS-FL51 Tallinn/1983/}) 10... Bf8 11. Rfd1 cxd4 12. exd4 Rc8 13. Qf1 Ne7 14.
g3 g6 15. Rac1 Bh6 16. Rb1 Bg7 17. Rbc1 Rc7 18. c4 d5 19. Re1 a5 20. Ne5 Bh6
21. Rc2 a4 $13 {Kovacevic,Vlado-Lobron,E/Indonesia/1983/}) 10. exd4 Re8 11. Re1
Rc8 12. Rc1 d6 13. c4 Nb8 14. Nf1 Nbd7 15. Ne3 Bf8 16. d5 exd5 17. cxd5 Rxc1
18. Bxc1 Qa8 19. Bb5 Rd8 20. Bc4 a6 21. a4 Ne5 22. Bb2 b5 23. axb5 axb5 24.
Bxb5 Nxd5 25. Nh4 Nf4 $36 {Groszpeter,A-Adorjan,A/HUN-ch Budapest/1984/}) 9...
bxc5 10. e4 d6 {[%cal Rc6b4] /\Nb4} (10... d5 11. e5 (11. a3 Qc7 12. Qe2 {
[%cal Ya1d1,Yc2c4] /\Rad1,c4!?}) 11... Nd7 12. Re1 (12. Qe2 Nb4) 12... Qc7 13.
a3 Rae8 14. Qe2 (14. c4 $5 $14) 14... Kh8 $5 $13 {/\ f6}) (10... Nb4 $5 11. e5
Nxd3 12. cxd3 (12. exf6 $6 Nxb2 13. fxe7 Qxe7 14. Qc1 (14. Qb1 Qf6 15. c4 d5
$17) (14. Qe2 Qf6 $15 (14... c4 $15) (14... c4 15. Qe3 Rfc8 16. c3 cxb3 17.
axb3 Qc5 $17) (14... Qf6 15. Qe3 $1 {[%cal Rc2c3,Ra1b1] /\c3,Rab1} c4 16. Ne5
$13)) 14... Qf6 15. Rb1 c4 $1 {(Onischuk)} 16. Qxb2 Qxb2 17. Rxb2 c3 18. Rbb1
cxd2 19. Nxd2 $15 (19. Nxd2 d5 20. f4 $5 $10)) 12... Nd5 13. Ne4 f5 14. exf6 (
14. Nd6 $13) 14... gxf6 $5 $13 {[%csl Gb7,Gd5,Gd7,Ge6,Ge7,Gf6] [+],^^} (14...
Nxf6 15. Re1 Qe8 16. Rc1 Qh5 $10)) 11. Re1 Qc7 (11... d5 12. exd5 $6 (12. e5
$142) 12... exd5 13. a3 Nd7 14. Qb1 g6 15. Qc1 Bf6 16. Bxf6 Qxf6 17. Bb5 a6 18.
Bxc6 Bxc6 19. b4 Rfe8 20. Rb1 d4 21. bxc5 Nxc5 22. Qb2 Ne6 23. Qb6 Rec8 $15 {
Kovacevic,V-Cebalo,M/CRO-ch/1995/}) 12. a3 {[%cal Ye4e5] /\e5} (12. Qe2 $6 Nb4
$15) (12. e5 $6 dxe5 13. Nxe5 Nb4 $15) 12... a5 {Black quite logically tries
to get rid of his isolated pawn.} (12... Nd7 $142 13. Qe2 a5 (13... Bf6 14.
Bxf6 Nxf6 $10 {/\} 15. e5 dxe5 16. Nxe5 Nd4 $132)) 13. e5 {A logical advance,
which clears lines for both Bishops.} dxe5 14. Nxe5 Nxe5 (14... Rfd8 $6 15.
Ndf3 {>< f7}) (14... Nd4 15. a4 $5 $13 {[%csl Ra5,Rc5][%cal Yd2c4] ><a5,c5,/
\Ndc4}) 15. Bxe5 Qc6 16. f3 (16. Ne4 $4 Nd7 {[%cal Rf7f5] /\f5-+} 17. Bb2 f5
$19) (16. Nf3 $6 a4 $15) 16... a4 17. Qe2 Rfd8 (17... axb3 $6 18. cxb3 $14 {
[%csl Ga3,Rc5] o^a3,><c5}) 18. bxa4 $6 (18. Bb5 $2 Rxd2 19. Bxc6 Rxe2 20. Bxb7
Rxe1+ 21. Rxe1 Ra7 22. Bc6 axb3 23. cxb3 Rxa3 $17) (18. Nc4 Nd7 19. Be4 (19.
Bc3 Qc7 {[%cal Ye7f6] /\ Bf6 /\ Bf6}) 19... Qa6 20. Bc3 $10 (20. Bc3 Bxe4 21.
Qxe4 Nb6 $5 $10)) (18. Red1 $142 $5 {/\ Bb5}) (18. Red1 $5 {[%cal Rd3b5] /\ Bb5
} Ba6 $13) 18... Qxa4 {[%csl Ra3,Rc2] ><a3,c2} 19. Nc4 (19. Rab1 Bd5 {>< a3})
19... Nd7 20. Bc7 $6 (20. Bc3 Bd5 {/\ Qc6, Bf6, >< a3 /\ Qc6, Bf6, >< a3} 21.
Ne3 Bc6 $10 (21... Bf6 $5 $15 {Stohl})) (20. Bg3 $142 Bd5 21. Reb1 (21. Rab1
Bf8 (21... Qc6 $2 22. Ne3 $1 Rxa3 $2 23. c4 $18) 22. Kh1 $10) (21. Ne3 Bc6 22.
Nf5 $6 Bf8 23. Nd6 $2 Bxd6 24. Bxd6 Qd4+ $19) 21... Bf8 (21... Bf6 $15 {Stohl})
22. Ne3 Bc6 $10) 20... Rdc8 21. Bg3 Bd5 22. Rab1 (22. Ne3 c4 $1 23. Nxd5 (23.
Bxh7+ Kxh7 24. Nxd5 Bc5+ 25. Ne3 Bxe3+ 26. Qxe3 Qxc2 $15 {[%csl Gc4] o^c4})
23... Bc5+ 24. Ne3 cxd3 25. cxd3 Bxa3 26. Bd6 Qb3 27. Reb1 (27. Rxa3 {Stohl}
Rxa3 28. Bxa3 Qxa3 29. d4 $5 {[%cal Yd4d5,Ye1d1] /\d5,Rd1=}) 27... Qc3 $15)
22... Qc6 23. Ne3 $6 (23. Be4 $142 Bf8 $15) 23... c4 $1 24. Nxd5 Bc5+ $1 25.
Ne3 $8 cxd3 26. cxd3 Rxa3 27. Kh1 $6 (27. Bf2 $142 $15) (27. Bf2 $142 Bxe3 28.
Bxe3 Qd5 29. d4 $15) 27... Bxe3 28. Qxe3 {[%csl Gd7,Rd3,Rg3] Black will gain
the d-pawn and with all play taking place on one flank, the Knight is a
stronger piece, than the Bishop.} Qd5 29. Red1 Rcc3 30. Qf4 $2 (30. Qe4 Rxd3
31. Rxd3 Rxd3 32. Qxd5 Rxd5 $1 $15 {_|_=/+/-/+} (32... exd5 $6 33. Kg1 $1 h5
34. Bd6 $1 $132 {/\ Rb7} (34. Rb7 $2 Nc5))) 30... h6 $1 31. h4 $2 $138 {
[%csl Rg2,Rh1,Rh4] >< h4 ׻} (31. d4 $2 Rxf3 $1 32. gxf3 Rxf3 $19) (31. Qe4
Rxd3 32. Rxd3 Rxd3 33. Qxd5 exd5 $5 34. Kg1 Nc5 $17) (31. h3 Rxd3 $17) (31. Qe4
$142) 31... Rxd3 32. Rxd3 Rxd3 33. Kh2 Rd2 34. Ra1 Re2 35. Re1 Rb2 36. Qc1 Rd2
37. Bf4 Ra2 {[%cal Rd5f3] /\Qf3} 38. Qb1 (38. Rd1 $2 Qxf3 $19) 38... Nf8 $1 39.
Qe4 (39. Rd1 $2 Qxf3 $19) 39... Qd8 $1 40. Be3 $2 (40. Bg3 $142 Qd2 41. Rg1 Ng6
$17 {[%cal Yg6e7,Ye7f5] /\Ne7-f5}) 40... Ng6 41. Kh3 (41. h5 {Stohl} Qh4+ $1
42. Qxh4 Nxh4 $19) 41... Qa5 $1 42. Rc1 Re2 (42... Ra4 $6 43. Rc4 Rxc4 (43...
Ra1 44. Rc1 $1) 44. Qxc4 Qf5+ 45. Qg4) 43. Qd4 (43. Qd3 Qh5 $1 (43... Qb4 $6
44. Qd4 $1 (44. Rc4 $2 Qe1 $19)) 44. Rc8+ (44. Rc4 Re1 45. Kg3 Rh1 $19 {->})
44... Kh7 45. Rc4 Re1 $1 $19) 43... Qf5+ 44. Kg3 Ne5 (44... Nxh4 45. Qxh4 (45.
Kxh4 Rxg2 $19) 45... Rxe3 $19) 45. Rg1 Nd3 46. Bc1 Kh7 $1 47. Rd1 (47. Ba3 h5
$1 {[%cal Re2g2] /\Rg2!} (47... e5 $2 48. Qg4) (47... Ne1 {[%cal Re2g2] /\Rg2!}
48. Qg4 Qe5+ (48... Qxg4+ 49. fxg4 Nxg2 $19) 49. Kh3 h5 $19) 48. Be7 e5 $19 {
/\ e4}) 47... Ne1 $1 (47... Ne1 $1 48. Rd2 Rxg2+ 49. Rxg2 Qxf3+ 50. Kh2 Qxg2#)
0-1

[Event "FRA-chT"]
[Site "France"]
[Date "2001.04.28"]
[Round "8.2"]
[White "Vaisser, Anatoli"]
[Black "Lautier, Joel"]
[Result "0-1"]
[WhiteElo "2540"]
[BlackElo "2658"]
[Annotator "Lautier,J"]
[PlyCount "78"]
[EventDate "2001.02.02"]
[EventType "team"]
[EventRounds "11"]
[EventCountry "FRA"]
[SourceTitle "CBM 083"]
[Source "ChessBase"]
[SourceDate "2001.07.05"]
[SourceVersion "1"]
[SourceVersionDate "2001.07.05"]
[SourceQuality "1"]
[WhiteTeam "Auxerre"]
[BlackTeam "Clichy"]
[WhiteTeamCountry "FRA"]
[BlackTeamCountry "FRA"]

1. d4 Nf6 2. Nf3 e6 3. Bg5 c5 4. e3 Be7 5. Nbd2 b6 6. Bd3 Bb7 7. c3 cxd4 8.
cxd4 Nc6 9. a3 (9. e4 h6) 9... Nd5 $1 10. Bxe7 Ncxe7 11. Ne4 (11. Nc4 d6 $11)
11... Qb8 (11... d6 12. Bb5+ Bc6 13. Qa4 Qd7 14. Bxc6 Nxc6 15. Rc1 Rc8 16. O-O
O-O $11) 12. Ne5 $6 f6 13. Nc4 (13. Qh5+ $2 g6 14. Nd6+ Qxd6 15. Bxg6+ Nxg6 16.
Nxg6 O-O-O $17) 13... O-O 14. Qh5 (14. O-O f5 15. Ned6 Bc6 $15) 14... f5 15.
Ng5 Nf6 16. Qh3 h6 (16... b5 $5 17. Nd2 (17. Ne5 $2 h6 18. Ngf3 d6 $19) 17...
Bd5 $15) 17. Nf3 d6 18. O-O Bd5 $15 {>< Qh3} 19. Rfc1 (19. Qg3 Ne4 20. Bxe4
fxe4 21. Nfd2 Nf5 $36) 19... Rc8 20. Ncd2 Qb7 21. Ne1 $1 {/\ f3, Qg3-f2} Rxc1
22. Rxc1 Rc8 23. Rb1 (23. Rxc8+ Qxc8 24. Bc2 (24. Nc2 Be4 $1 $17) 24... b5 $15)
(23. Rc2 $142) 23... b5 24. f3 Qb6 25. Qg3 a6 (25... e5 26. dxe5 Qxe3+ 27. Qf2
Qxf2+ 28. Kxf2 dxe5 29. Bxb5 $15) 26. Qf2 Bb7 27. Nb3 {/\ Rc1} Bd5 28. Nd2 Rc7
$5 {/\ Qb7-c8} 29. h3 Qb7 30. g4 $6 $138 (30. Qg3 $15) 30... Qc8 31. e4 $2 fxe4
32. fxe4 Bb7 33. Kh2 e5 $1 $17 34. Nef3 (34. d5 Ng6 $17 {/\ Rf7}) 34... Ng6 35.
g5 Nf4 36. Qf1 (36. gxf6 Qxh3+ 37. Kg1 Nxd3 $19) (36. Bf1 Nxe4 $19) 36... N6h5
$5 (36... hxg5 37. Nxg5 Nxd3 38. Qxd3 Rc2 $17) 37. dxe5 dxe5 38. Nxe5 hxg5 39.
Rd1 Re7 $1 $138 (39... Re7 $1 40. Ng4 (40. Nef3 g4 41. hxg4 Qxg4 $19) (40. Ndf3
Qb8 41. Bxb5 Rxe5 42. Bc4+ Kh7 43. Nxe5 Qxe5 44. Kg1 Ng3 $19) 40... Qc7 41. Kg1
(41. e5 Rxe5 $1 (41... Nf6 42. Nxf6+ gxf6 43. Nf3 fxe5 44. Rc1 (44. Nxg5 e4 $19
) 44... Qd6 $19) 42. Nxe5 Qxe5 43. Nf3 Qb8 44. Kg1 Ng3 $19) 41... Ng3 42. Qf3
Rf7 43. Qe3 Nxh3+ 44. Kg2 Nf4+ 45. Kh2 Nf5 46. exf5 Nxd3+ 47. Qg3 Qxg3+ 48.
Kxg3 Nxb2 $19) 0-1

[Event "EU-ch 12th"]
[Site "Aix les Bains"]
[Date "2011.04.02"]
[Round "11"]
[White "Prie, Eric"]
[Black "Beinoras, Mindaugas"]
[Result "1-0"]
[WhiteElo "2508"]
[BlackElo "2356"]
[Annotator "Marchand,A/Primel,D"]
[PlyCount "73"]
[EventDate "2011.03.22"]
[EventType "swiss"]
[EventRounds "11"]
[EventCountry "FRA"]
[SourceTitle "CBM 142 Extra"]
[Source "ChessBase"]
[SourceDate "2011.06.27"]
[SourceVersion "1"]
[SourceVersionDate "2011.06.27"]
[SourceQuality "1"]
[TimeControl "40/5400+30:1800+30"]

1. d4 Nf6 2. Bf4 {Retarder la sortie du Nf3 donne des options supplémentaires
aux Blancs et E.PRIE est le grand spécialiste du système de Londres} e6 {
Après avoir joué contre le système de Londres du GMI il y a quelques années au
tournoi de Pornic, je lui avais demandé après la partie quel était le meilleur
système pour les Noirs dans les structures de Nimzo. Il m'avait répondu ...
qu'il n'y en a pas! C'est une boutade mais avec un fond de vérité} (2... c5 3.
e3 (3. c3) 3... Qb6 4. Nc3 (4. Na3 $5 {[%cal Ga3c4,Gc4b6,Gc4b2]}) 4... e6) (
2... d5 {Il est probablement plus simple d'égaliser en activant le mauvais
Bc8 car après la réponse 2. e6, son développement pose problème} 3. Nf3 c5
(3... Bf5 4. c4) 4. e3 Nc6 5. c3 Bg4 6. Nbd2 e6 $11) 3. e3 b6 (3... c5 4. c3
Nc6 (4... Qb6 5. Qb3 (5. Na3 $5 Qxb2 6. Nb5 $13 Nd5 {[%cal Gd5f4,Gd5c3]} 7. Bc4
$1 {[%cal Gc4d5,Gc4a2] Un fort coup multifonction} (7. Rb1 Qxa2 8. Ra1 {
Forçant la nulle}) 7... Nxf4 (7... Nxc3 8. Nc7+ Kd8 9. Qc1 $13 {La position
est trés compliquée а jouer devant l'échiquier} Qb4 $1 {[%cal Gb4e1,Gc3a2,
Gb4c4]} 10. Nxa8 cxd4 11. Bd3 Nd5+ 12. Qd2 Nc6 13. Nf3) 8. exf4 a6 9. Rb1) 5...
d5 (5... Nd5 6. Bg3 cxd4 7. exd4 Nc6 8. Nf3 (8. Na3 $5 {[%cal Ga3b5]})) 6. Nd2
Nc6 7. Ngf3 c4 8. Qc2 Be7 9. Be2 O-O 10. h3) (4... cxd4 5. exd4 (5. cxd4 {
Eric préfère reprend toujours de ce P contrairement aux autres forts joueurs}
Qb6 {Prie,E (2493)-Vlashki,N (2288) Corsica Masters op 13th 2009 (9) 1-0} (5...
Nc6 $1 6. Nf3 Qb6 7. Qc2 (7. Qc1 Nh5 8. Bg3 Nxg3 9. hxg3 d5 10. Nc3 Bd7 11. Be2
Rc8 $11 {[%csl Rc1][%cal Gc8c1];Kosic,D (2501)-Naiditsch,A (2652) SRB-chT 1st
Zlatibor 2007 (7) 1-0}) 7... Nb4 $5 8. Qb3 Nbd5 9. Qxb6 (9. Bg3 Qxb3 10. axb3
b6 (10... Bb4+ $1 $146 11. Nbd2 d6 12. Bd3 Nh5 $11) 11. Nbd2 Nb4 $36 {Mertens,
H (2333)-Timman,J (2588) BL2-West 0910 2009 (7.4) 0-1}) 9... axb6 10. Bd3 (10.
Bg3 Nb4 $36 {[%csl Rc2][%cal Gb4c2]}) 10... Nxf4 $11 {Torre,E (2524)-Zhang
Zhong (2632) Manila PGMA Cup 3rd 2008 (6) 1/2})) 5... Be7 (5... Nc6 6. Nf3 Be7
7. Bd3 d5 8. Nbd2) 6. Nf3 O-O 7. Nbd2 b6 8. Bd3 (8. h3 d6 9. Bd3 Ba6 10. Nc4 (
10. Bxa6 Nxa6 11. Qe2 Nc7 12. O-O Qd7 (12... Ncd5 13. Bh2 Rc8 14. c4) 13. Rfe1
Rfe8 14. a4 Bf8 15. a5 b5 $11) 10... Qc7 $11) 8... Ba6 $11 {Carrabeo Garcia,M 
(2163)-Pogorelov,R (2451) Seville op 34th 2009 (8) 0-1}) 5. Nf3 Nh5 (5... Be7)
(5... d5 6. Nbd2) 6. Bg5 (6. Bg3 Nxg3 $1) 6... Qb6 $1 7. Qc1 (7. Qb3 h6 8. Bh4
g5 9. Bg3 Nxg3 10. hxg3 Bg7 (10... g4) (10... Be7) 11. Na3 g4 12. Nd2 d5 {
Karayev,A (2275)-Hansen,E (2409) Wch U18 Kemer 2009 (2) 0-1} (12... cxd4 13.
cxd4 Qxb3 14. Nxb3 d6 15. Be2 h5 (15... f5) 16. Nb5 Ke7 17. O-O-O a6 18. Nc3 b5
19. d5 Ne5 20. Na5 {[%csl Rc6]} Bd7 $11 {[%cal Ga8c8,Gc8c1]})) (7. Na3 {
Moins dangereux maintenant que le Nh5 a chassé le Bf4} d5 $11 (7... h6 8. Nc4
Qc7 9. Bh4 d5 10. Nfe5)) 7... h6 8. Bh4 g5 (8... d5 9. Bd3 Bd7 10. O-O Rc8 {
[%cal Gc8c1]} 11. Nbd2 cxd4 12. exd4 Nb4 $36 {[%cal Gc8c1,Gd7b5]}) 9. Bg3 Nxg3
10. hxg3 Bg7 $11 11. Nbd2) 4. Nf3 Bb7 5. Bd3 (5. Nbd2) (5. c4 {Retombe sur une
Ouest-Indienne mais cette variante Bf4 n'a pas trés bonne réputation théorique
pour garder un avantage pour les Blancs}) 5... d6 {un plan assez passif et les
Blancs auront d'ailleurs le temps de pousser e4} (5... Be7) 6. Qe2 Nbd7 (6...
g6 7. e4 Nbd7 8. Nc3 Bg7 9. Ba6 Qc8 10. Bxb7 Qxb7 11. e5 dxe5 12. dxe5 Nd5 13.
Nxd5 Qxd5 14. O-O Nc5 15. Rfe1 O-O 16. b4 Nb7 17. c4 Qd7 18. Qe4 c6 19. Rad1
Qc7 20. Bg5 a5 21. b5 {Prie,E (2520)-Philippe,C (2407)/Gap 2008/CBM 123 Extra/
1/2-1/2 (50)}) (6... c5 7. c3 (7. e4 cxd4 $1) 7... cxd4 8. cxd4 Be7 9. O-O O-O
10. e4 (10. Nc3)) 7. e4 $1 Be7 8. Nbd2 (8. e5 dxe5 9. dxe5 Nd5 10. Bg3 O-O 11.
O-O Nc5 $132 {[%csl Rd3]}) 8... Nh5 9. Be3 $14 g6 $6 {[%csl Rf6,Rh6]} 10. Ba6
Qc8 11. Bxb7 Qxb7 12. O-O O-O 13. c3 e5 14. Rfe1 Bf6 15. Rad1 (15. a4 $5 {
[%cal Ga4a5]}) 15... Rae8 16. Qb5 Re7 $6 {[%csl Rb7,Re7,Rh5] Les pièces Noires
commencent а être trés mal corrdonnées} (16... c6) 17. h3 Bg7 (17... Nf4 18. g3
Ne6 19. d5 a6 20. Qb3 Nec5 21. Qc2 a5) 18. Bg5 Bf6 19. Be3 Bg7 20. a4 Nhf6 (
20... a6) 21. Bg5 h6 22. Bh4 a6 23. Qd3 Rfe8 24. d5 $16 {[%csl Rb7,Re7,Re8]} g5
(24... Nc5) 25. Bg3 Nh5 26. b4 $1 {[%cal Gc3c4,Gd2b3,Gc4c5]} Nf4 $6 (26... Nxg3
$142 27. fxg3 $16 {Les Noirs ont réussi а gagner le fameux B de cases noires
mais les pièces Noires mal placées les privent de tout contre-jeu C'atait
néanmoins un moindre mal par rapport а la suite de la partie}) 27. Qc2 f5 $2 {
Donnant la case "e4" au Nd2} (27... Nf8 {[%cal Gf8g6]} 28. c4 N8g6 29. c5 $1
$36 {[%cal Gd2c4]}) 28. c4 $1 (28. exf5 $6 Qxd5) 28... fxe4 29. Nxe4 $36 {
[%csl Ge4][%cal Gc4c5]} Rf7 (29... Nh5) 30. h4 $1 {La position Noire craque}
gxh4 31. Nxh4 Qa8 32. c5 $36 dxc5 (32... bxc5 $142 33. bxc5 Nxc5 34. Nxc5 dxc5
35. Qc4 {[%cal Gc4g8,Gd5d6]} (35. Nf5)) 33. d6 $1 {[%csl Re8,Rf7]} Qc6 34. b5
axb5 35. axb5 Qb7 36. dxc7 Bf8 37. Rxd7 1-0

[Event "Olympiad-34"]
[Site "Istanbul"]
[Date "2000.11.05"]
[Round "8.1"]
[White "Damljanovic, Branko"]
[Black "Marin, Mihail"]
[Result "0-1"]
[WhiteElo "2559"]
[BlackElo "2557"]
[Annotator "Marin,M"]
[PlyCount "70"]
[EventDate "2000.10.28"]
[EventType "team-swiss"]
[EventRounds "14"]
[EventCountry "TUR"]
[SourceTitle "EXT 2001"]
[Source "ChessBase"]
[SourceDate "2000.11.22"]
[SourceVersion "1"]
[SourceVersionDate "2000.11.22"]
[SourceQuality "1"]
[WhiteTeam "Yugoslavia"]
[BlackTeam "Romania"]
[WhiteTeamCountry "YUG"]
[BlackTeamCountry "ROU"]

1. Nf3 Nf6 2. g3 b6 3. Bg2 Bb7 4. d4 c5 5. dxc5 {White wants to avoid the
Hedgehog positions, but his move gives up the centre.} bxc5 6. O-O g6 7. c4 Bg7
8. Nc3 O-O 9. Be3 {Hoping for a quick development and a strong pressure in the
centre.} Ne4 $6 ({This move violates the development rules} 9... d6 $142) 10.
Na4 $6 (10. Qb3 $6 Nxc3 11. bxc3 Qc7 12. Bxc5 d6 $44) (10. Nd5 $142 $1 e6 (
10... d6 $5 11. Ne1 f5) 11. Qb3 $1) 10... Qc7 11. Qc2 (11. Qb3 Nc6) 11... d6
12. Rad1 Nd7 13. Ne1 Nef6 (13... f5) 14. b3 Nb6 15. Nc3 Rac8 {After the mutual
inacurracies in the opening, the position has re-entered the normal path.} 16.
Qc1 (16. Bg5 $5) 16... Rfd8 {/\e6, d5} 17. Bh3 Qc6 18. f3 e6 {Very soon,
white's hopes connected with the open d-file will vanish: the black center
will start to advance} 19. Nd3 a6 (19... d5 {would have been premature:} 20.
Nb5 Ra8 21. Ne5) 20. Bf2 Nfd7 ({Still preparing for d6-d5 which was not
possible yet:} 20... d5 21. Nxc5 dxc4 22. bxc4 Nxc4 23. N3a4 $14) 21. Bg2 $2 ({
Missing the chance for a normal position:} 21. e4 $8 Ne5 22. Nxe5 Bxe5) 21...
d5 $17 22. f4 Qc7 23. cxd5 (23. e4 $5) 23... exd5 24. f5 d4 25. Bxb7 Qxb7 26.
Nb1 Re8 27. Rde1 Nd5 $19 28. fxg6 hxg6 29. Qg5 N7f6 30. Nf4 Nb4 31. Nd2 Nxa2
32. Nc4 Ne4 33. Qd5 Qc7 34. Nb2 (34. Nxg6 Nac3) 34... Nb4 35. Qc4 Nd2 {Branko
was so dissapointed by this game that he "forgott" to shake hands in sign of
resigning. He preffered to furiously throw the score sheets on the board,
which, among others, caused some problems with saving the game on the digital
board, as several pieces were pushed down.} 0-1